[Event "II Open A"]
[Site "Pedavena ITA"]
[Date "2006.08.01"]
[Round "1"]
[White "Tomio, Dante"]
[Black "Pasquali, Andrea"]
[Result "1/2-1/2"]
[WhiteElo "1969"]
[BlackElo "1642"]
[PlyCount "78"]
[EventDate "2006.08.01"]

1. d4 d5 2. Nf3 Nf6 3. Bg5 Bf5 4. e3 Nbd7 5. c4 c6 6. Nc3 e6 7. cxd5 exd5 8.
Bd3 Bxd3 9. Qxd3 Qb6 10. O-O h6 11. Bf4 Bb4 12. Rab1 Nh5 13. Ne5 Nxf4 14. exf4
Nf6 15. a3 Bd6 16. Rfe1 O-O 17. b4 Rfe8 18. h3 Re7 19. Ne2 Rae8 20. Ng3 g6 21.
Re3 Kg7 22. Rbe1 a5 23. bxa5 Qxa5 24. h4 Bxe5 25. fxe5 Nd7 26. h5 Nf8 27. f4
Ne6 28. f5 gxf5 29. Nxf5+ Kf8 30. Nxe7 Kxe7 31. Qf5 Ng5 32. Qf6+ Kd7 33. Qxh6
Nf3+ 34. gxf3 Rg8+ 35. Kf2 Qd2+ 36. R1e2 Qc1 37. Re1 Qd2+ 38. R1e2 Qc1 39. Qd6+
Kc8 1/2-1/2

[Event "II Open A"]
[Site "Pedavena ITA"]
[Date "2006.08.01"]
[Round "1"]
[White "Verducci, Gianni"]
[Black "Reginato, Mauro"]
[Result "1/2-1/2"]
[WhiteElo "2065"]
[BlackElo "1823"]
[PlyCount "70"]
[EventDate "2006.08.01"]

1. e4 e5 2. Nf3 Nc6 3. Bb5 a6 4. Bxc6 dxc6 5. O-O Bg4 6. h3 Bxf3 7. Qxf3 Qd6 8.
Na3 Qg6 9. Nc4 Bd6 10. c3 c5 11. d4 cxd4 12. cxd4 f6 13. Be3 Ne7 14. dxe5 fxe5
15. Nxd6+ Qxd6 16. Rfd1 Qf6 17. Qh5+ Ng6 18. Rac1 Qf7 19. Bc5 b6 20. Bb4 c5 21.
Bc3 O-O 22. Rd2 Rad8 23. Rcd1 Rxd2 24. Rxd2 Qxa2 25. Bxe5 Qb1+ 26. Kh2 Qxe4 27.
Bc3 Qf4+ 28. Kh1 Qe4 29. Qg5 Qf5 30. Qg3 Qf4 31. Rd7 Rf7 32. Rd8+ Rf8 33. Rd7
Rf7 34. Rd8+ Rf8 35. Rd7 Rf7 1/2-1/2

[Event "II Open A"]
[Site "Pedavena ITA"]
[Date "2006.08.01"]
[Round "1"]
[White "Zulian, Stefano"]
[Black "Jurkovic, Ante"]
[Result "0-1"]
[WhiteElo "1889"]
[BlackElo "2350"]
[PlyCount "74"]
[EventDate "2006.08.01"]

1. c4 g6 2. Nc3 Bg7 3. g3 Nf6 4. Bg2 O-O 5. e3 Nc6 6. Nge2 d6 7. O-O Bf5 8. d4
Qd7 9. Nf4 e5 10. dxe5 Nxe5 11. b3 g5 12. e4 Bg4 13. f3 gxf4 14. gxf4 Nxe4 15.
Nxe4 Nxf3+ 16. Bxf3 Bxf3 17. Rxf3 Bxa1 18. Rg3+ Kh8 19. Be3 Bg7 20. Rxg7 Kxg7
21. Bd4+ f6 22. Qh5 Qe8 23. Qg4+ Qg6 24. Ng5 h6 25. Ne6+ Kf7 26. Qxg6+ Kxg6 27.
Nxc7 a6 28. Kf2 Rae8 29. Nd5 Kf5 30. Kf3 Re1 31. a4 h5 32. h3 Rb1 33. b4 Rb3+
34. Ne3+ Rxe3+ 35. Bxe3 Re8 36. c5 dxc5 37. Bxc5 Re4 0-1

[Event "II Open A"]
[Site "Pedavena ITA"]
[Date "2006.08.02"]
[Round "2"]
[White "Biancotti, Alessandro"]
[Black "Zulian, Stefano"]
[Result "0-1"]
[WhiteElo "1678"]
[BlackElo "1889"]
[PlyCount "90"]
[EventDate "2006.08.01"]

1. e4 d6 2. d4 g6 3. Nc3 Bg7 4. Be3 e6 5. Be2 Ne7 6. Qd2 O-O 7. Nf3 Nbc6 8. Bh6
f5 9. Bxg7 Kxg7 10. O-O-O f4 11. h4 h5 12. g3 fxg3 13. fxg3 Ng8 14. Rhg1 Nh6
15. Ng5 e5 16. d5 Nd4 17. Bd3 Nf7 18. Nxf7 Rxf7 19. Rgf1 Nf3 20. Qg2 Bg4 21.
Be2 Qf8 22. Rd3 Nd4 23. Rxf7+ Qxf7 24. Bxg4 hxg4 25. Ne2 Nf3 26. Rd1 Rf8 27.
Rf1 Qd7 28. Rh1 Qa4 29. Nc3 Qd4 30. Qe2 Ng1 31. Qe1 Nh3 32. Rf1 Rxf1 33. Qxf1
Qe3+ 34. Kb1 Qxg3 35. a3 Qf2 36. Qb5 Qf7 37. Ne2 c6 38. dxc6 bxc6 39. Qd3 Nf4
40. Qd2 Nxe2 41. Qxe2 Qf3 42. Qd2 g3 43. Qxd6 Qf1+ 44. Ka2 g2 45. Qe7+ Qf7+ 0-1

[Event "II Open A"]
[Site "Pedavena ITA"]
[Date "2006.08.02"]
[Round "2"]
[White "Bini, Alessandro"]
[Black "Bagolin, Renzo"]
[Result "1-0"]
[WhiteElo "1877"]
[BlackElo "1754"]
[PlyCount "154"]
[EventDate "2006.08.01"]

1. d3 d5 2. Nf3 g6 3. Nbd2 Nf6 4. e4 dxe4 5. dxe4 Bg7 6. Bb5+ c6 7. Bc4 O-O 8.
O-O Ng4 9. h3 Ne5 10. Nxe5 Bxe5 11. Nf3 Bg7 12. Bg5 Qc7 13. c3 b5 14. Bb3 Na6
15. Qe2 Nc5 16. Bc2 Bb7 17. Rad1 Rad8 18. Qe3 Ne6 19. Bh4 c5 20. Bg3 Qa5 21. a3
Rxd1 22. Rxd1 Rd8 23. Rxd8+ Qxd8 24. Kh2 a6 25. b4 cxb4 26. axb4 Qc8 27. e5
Bxf3 28. gxf3 Qc4 29. Qd3 Qc7 30. f4 Nf8 31. Bb3 e6 32. c4 bxc4 33. Bxc4 Qb6
34. Qd6 Qxd6 35. exd6 Bc3 36. b5 axb5 37. Bxb5 Bf6 38. Kg2 Bd8 39. f3 f6 40.
Bf2 Kf7 41. Ba7 g5 42. Bb8 gxf4 43. Bc7 Be7 44. dxe7 Kxe7 45. Bxf4 Ng6 46. Bd2
e5 47. Bd3 Kf7 48. Kg3 Ke6 49. h4 f5 50. h5 Ne7 51. Bc4+ Kf6 52. Kh4 f4 53. Bd3
Nf5+ 54. Kh3 h6 55. Bc3 Ne3 56. Bg6 Nd5 57. Be1 Ne3 58. Kh4 Ng2+ 59. Kh3 Ne3
60. Bh4+ Ke6 61. Bd3 Kf7 62. Bf2 Kf6 63. Bh4+ Ke6 64. Kh2 Kf7 65. Kg1 Ke6 66.
Kf2 Kf7 67. Ke2 Ke6 68. Bd8 Kf7 69. Bb5 Nf5 70. Bc4+ Kg7 71. Kd3 Ng3 72. Be6
Nxh5 73. Ke4 Ng3+ 74. Kxe5 Ne2 75. Bb6 h5 76. Bc4 Nc1 77. Kxf4 Kg6 1-0

[Event "II Open A"]
[Site "Pedavena ITA"]
[Date "2006.08.02"]
[Round "2"]
[White "Bini, Lorenzo"]
[Black "Naumkin, Igor"]
[Result "0-1"]
[WhiteElo "2039"]
[BlackElo "2430"]
[PlyCount "66"]
[EventDate "2006.08.01"]

1. f4 d5 2. b3 Nf6 3. Nf3 g6 4. Bb2 Bg7 5. g3 c5 6. Bg2 O-O 7. O-O d4 8. Na3
Nc6 9. Nc4 Be6 10. Nce5 Nxe5 11. Nxe5 Bd5 12. Bh3 Qb6 13. d3 Rfd8 14. Rb1 Qc7
15. c4 dxc3 16. Bxc3 b6 17. Qe1 a5 18. e4 Bb7 19. Qe3 Bc8 20. Bxc8 Raxc8 21.
Rbc1 Nd7 22. d4 Nxe5 23. fxe5 cxd4 24. Bxd4 Qd7 25. Bxb6 Bxe5 26. Rcd1 Qxd1 27.
Rxd1 Rxd1+ 28. Kg2 Rc2+ 29. Kh3 Rdd2 30. Bxa5 Rxh2+ 31. Kg4 Rcf2 32. Bc3 h5+
33. Kg5 Kh7 0-1

[Event "II Open A"]
[Site "Pedavena ITA"]
[Date "2006.08.02"]
[Round "2"]
[White "Bonotto, Giorgio"]
[Black "Pompili, Alberto"]
[Result "0-1"]
[WhiteElo "1918"]
[BlackElo "1822"]
[PlyCount "62"]
[EventDate "2006.08.01"]

1. e4 e6 2. d4 d5 3. e5 c5 4. c3 Qb6 5. Nf3 Nc6 6. Na3 cxd4 7. cxd4 Bb4+ 8. Bd2
Bxd2+ 9. Qxd2 a6 10. Be2 Nge7 11. O-O O-O 12. b3 Bd7 13. Nc2 Rac8 14. b4 f6 15.
exf6 Rxf6 16. a4 Qc7 17. b5 axb5 18. axb5 Na5 19. Rxa5 Qxc2 20. Ra7 Qxd2 21.
Nxd2 Rb8 22. Rc1 Nc8 23. Ra3 Nb6 24. Rc7 Rf7 25. Rac3 Na8 26. Bg4 Nxc7 27. Rxc7
Bc8 28. Rxc8+ Rxc8 29. Bxe6 Rc1+ 30. Nf1 Kf8 31. Bxd5 Rd7 0-1

[Event "II Open A"]
[Site "Pedavena ITA"]
[Date "2006.08.02"]
[Round "2"]
[White "Buzzatti, Francesco"]
[Black "Rossi, Gianni"]
[Result "0-1"]
[WhiteElo "1823"]
[BlackElo "2105"]
[PlyCount "100"]
[EventDate "2006.08.01"]

1. e4 Nf6 2. e5 Nd5 3. Bc4 Nb6 4. Bb3 c5 5. d3 d5 6. c3 Nc6 7. d4 cxd4 8. cxd4
Bf5 9. h3 e6 10. Nf3 Be7 11. O-O O-O 12. Be3 Na5 13. Bc2 Bxc2 14. Qxc2 Rc8 15.
Nc3 Nac4 16. Qe2 Nxe3 17. Qxe3 Nc4 18. Qe2 a6 19. Rfc1 b5 20. a3 Rc6 21. Rc2
Qc7 22. Nd2 Nxb2 23. Nxb5 axb5 24. Rxb2 Rc1+ 25. Rxc1 Qxc1+ 26. Nf1 Bxa3 27.
Rxb5 Rc8 28. Qd2 Qc4 29. Rb7 h6 30. Qf4 Rf8 31. Ng3 Bc5 32. Ne2 Qa6 33. Rc7 Bb6
34. Rc6 Qb5 35. Qc1 Qxe2 36. Rxb6 Ra8 37. Rb2 Qd3 38. Qd2 Ra1+ 39. Kh2 Rd1 40.
Qxd3 Rxd3 41. Rb8+ Kh7 42. Rb4 Kg6 43. f3 Kf5 44. Kg3 g5 45. Ra4 h5 46. Rb4 Rd2
47. h4 gxh4+ 48. Kh3 f6 49. g4+ hxg3 50. exf6 Kf4 0-1

[Event "II Open A"]
[Site "Pedavena ITA"]
[Date "2006.08.02"]
[Round "2"]
[White "Cammarota, Vittorio"]
[Black "Pedrazzi, Giuseppe"]
[Result "0-1"]
[WhiteElo "2002"]
[BlackElo "1835"]
[PlyCount "76"]
[EventDate "2006.08.01"]

1. Nf3 d5 2. d4 c6 3. Nbd2 Bf5 4. e3 Nf6 5. c4 e6 6. Qb3 Qb6 7. Be2 Nbd7 8. O-O
Be7 9. c5 Qc7 10. Qc3 O-O 11. b4 Ne4 12. Nxe4 Bxe4 13. Bb2 Bxf3 14. Bxf3 Bf6
15. Rfe1 e5 16. a4 e4 17. Be2 Bg5 18. b5 f5 19. g3 Bh6 20. a5 a6 21. bxa6 bxa6
22. Rab1 g5 23. f4 exf3 24. Bxf3 Nf6 25. Bc1 g4 26. Bg2 Ne4 27. Bxe4 fxe4 28.
Rb6 Rf3 29. Rf1 Bg5 30. Rxf3 gxf3 31. Qb3 Qc8 32. Qb2 Bd8 33. Rb7 Bxa5 34. Re7
Rb8 35. Qa2 Qh3 36. Rxe4 Rb1 37. Rh4 Rxc1+ 38. Kf2 Qg2# 0-1

[Event "II Open A"]
[Site "Pedavena ITA"]
[Date "2006.08.02"]
[Round "2"]
[White "Capuano, Eugenio"]
[Black "Castellano, Alfonso"]
[Result "1-0"]
[WhiteElo "2255"]
[BlackElo "1944"]
[PlyCount "91"]
[EventDate "2006.08.01"]

1. d4 Nf6 2. c4 g6 3. Nc3 Bg7 4. e4 d6 5. Nf3 O-O 6. Be2 e5 7. O-O Nc6 8. d5
Ne7 9. b4 a5 10. Ba3 axb4 11. Bxb4 Ne8 12. c5 dxc5 13. Bxc5 Nd6 14. Nd2 f5 15.
f3 Bd7 16. a4 Rf7 17. Qc2 Nec8 18. a5 f4 19. Nb3 g5 20. g4 fxg3 21. hxg3 Qf6
22. Rf2 Qg6 23. Kg2 h5 24. Be3 Ne7 25. Nc5 Bc8 26. Qb3 Rf6 27. a6 bxa6 28. Ne6
Bxe6 29. dxe6 Rxe6 30. Bxg5 Bf8 31. Nd5 Nxd5 32. Qxd5 Rae8 33. Bh4 Qf7 34. Rxa6
Bg7 35. Ra7 Kh7 36. Rf1 Nc8 37. Ra6 Nb6 38. Qa2 Qg6 39. Ra7 Qf7 40. Rc1 Qg6 41.
Rcxc7 Rg8 42. Bd1 Rc6 43. Rxc6 Qxc6 44. Qf7 Qh6 45. Bb3 Rf8 46. Qxf8 1-0

[Event "II Open A"]
[Site "Pedavena ITA"]
[Date "2006.08.02"]
[Round "2"]
[White "Carlassara, Renato"]
[Black "Barlocco, Carlo"]
[Result "0-1"]
[WhiteElo "1850"]
[BlackElo "2183"]
[PlyCount "76"]
[EventDate "2006.08.01"]

1. e4 Nc6 2. Nf3 d6 3. Bc4 Nf6 4. Nc3 g6 5. d4 Bg7 6. O-O Bg4 7. Be3 O-O 8. h3
Bxf3 9. Qxf3 e5 10. d5 Ne7 11. Bg5 Nd7 12. Qe3 f6 13. Bh6 g5 14. Bxg7 Kxg7 15.
Be2 h6 16. Bg4 f5 17. Bf3 Nf6 18. Rad1 Qe8 19. Qd3 f4 20. g4 Ng6 21. Be2 Rh8
22. f3 h5 23. Kf2 hxg4 24. hxg4 Rh2+ 25. Ke1 Qd7 26. Rf2 Rah8 27. Rxh2 Rxh2 28.
Kd2 Nh4 29. Rf1 Nxg4 30. Rg1 Ne3 31. Kc1 Kf6 32. Nd1 Nxd1 33. Qxd1 Qa4 34. a3
Qd4 35. Qxd4 exd4 36. Kd1 c5 37. b3 Rf2 38. Ke1 Rxf3 0-1

[Event "II Open A"]
[Site "Pedavena ITA"]
[Date "2006.08.02"]
[Round "2"]
[White "Colombo, Sandro"]
[Black "Fabrello, Alessandro"]
[Result "1-0"]
[WhiteElo "1864"]
[BlackElo "1557"]
[PlyCount "81"]
[EventDate "2006.08.01"]

1. c4 d5 2. cxd5 Bf5 3. Nc3 Nf6 4. Nf3 c6 5. dxc6 Nxc6 6. e3 a5 7. d4 Nb4 8.
Bb5+ Nd7 9. e4 Bg4 10. Be2 e6 11. O-O Be7 12. Be3 O-O 13. a3 Nc6 14. Rc1 Rc8
15. Qd2 h6 16. Rfd1 f5 17. h3 Bxf3 18. Bxf3 f4 19. Bxf4 Rxf4 20. Qxf4 Bg5 21.
Qg4 Bxc1 22. Qxe6+ Kh8 23. Rxc1 Nxd4 24. Qd5 Nxf3+ 25. gxf3 Qf6 26. Qxd7 Qg5+
27. Kh2 Qf4+ 28. Kg2 Rf8 29. Qd1 Rf6 30. Nd5 Rg6+ 31. Kf1 Qh2 32. Ke2 Qe5 33.
Qb3 Rg2 34. Qxb7 Qd4 35. Rc8+ Kh7 36. Ne3 Rg1 37. Qb3 Rb1 38. Qg8+ Kg6 39. Qe6+
Kh7 40. Qf5+ g6 41. Rc7+ 1-0

[Event "II Open A"]
[Site "Pedavena ITA"]
[Date "2006.08.02"]
[Round "2"]
[White "De Zaiacomo, Tonino"]
[Black "Fantini, Adriano"]
[Result "0-1"]
[WhiteElo "1898"]
[BlackElo "1760"]
[PlyCount "54"]
[EventDate "2006.08.01"]

1. d4 d5 2. c4 e5 3. e3 exd4 4. exd4 Nf6 5. Nc3 Be7 6. Nf3 O-O 7. cxd5 Re8 8.
Be2 Nxd5 9. O-O Nf6 10. h3 b6 11. Bf4 Bb7 12. Rc1 c5 13. Nb5 Nc6 14. Nc7 Nd5
15. Nxd5 Qxd5 16. Bc4 Qf5 17. Be3 Rad8 18. g4 Qg6 19. Bd3 Qd6 20. Bb1 cxd4 21.
Qc2 d3 22. Qd2 Ne5 23. Nxe5 Qxe5 24. Bf4 Qd5 25. f3 Bc5+ 26. Rxc5 Qxc5+ 27. Rf2
Re2 0-1

[Event "II Open A"]
[Site "Pedavena ITA"]
[Date "2006.08.02"]
[Round "2"]
[White "Forato, Enrico"]
[Black "Luciani, Valerio"]
[Result "0-1"]
[WhiteElo "1949"]
[BlackElo "2232"]
[PlyCount "86"]
[EventDate "2006.08.01"]

1. e4 d6 2. d4 Nf6 3. Nc3 c6 4. Be3 b5 5. f3 Nbd7 6. Nh3 a6 7. Nf2 e5 8. Qd2
Be7 9. dxe5 Nxe5 10. f4 Neg4 11. Nxg4 Nxg4 12. Bg1 O-O 13. g3 Qa5 14. h3 Nf6
15. Bg2 Bb7 16. Be3 c5 17. O-O b4 18. Nd5 Nxd5 19. exd5 Bf6 20. a3 Qb5 21. c3
bxc3 22. bxc3 Qc4 23. Rab1 Bxc3 24. Qc2 Rae8 25. Rfe1 Bc8 26. Rb3 Qxb3 27. Qxb3
Bxe1 28. Bf2 Bxf2+ 29. Kxf2 Rd8 30. Qb6 Rfe8 31. a4 Kf8 32. a5 Ke7 33. Bf1 Rd7
34. Be2 Rb7 35. Qxa6 Rb2 36. Qd3 Kf8 37. Qxh7 Rbxe2+ 38. Kf1 Ba6 39. Qh8+ Ke7
40. Qxg7 Kd8 41. Qf6+ Kc8 42. Qf5+ Kb8 43. Qb1+ Rb2+ 0-1

[Event "II Open A"]
[Site "Pedavena ITA"]
[Date "2006.08.02"]
[Round "2"]
[White "Forato, Sergio Paolo"]
[Black "Tomio, Dante"]
[Result "0-1"]
[WhiteElo "1748"]
[BlackElo "1969"]
[PlyCount "64"]
[EventDate "2006.08.01"]

1. c4 c5 2. Nc3 Nc6 3. g3 d6 4. Bg2 g6 5. d3 Bg7 6. a3 e6 7. e4 Nge7 8. Nge2
O-O 9. O-O a6 10. Rb1 Rb8 11. Bg5 h6 12. Be3 Nd4 13. Bxd4 cxd4 14. Na2 b5 15.
cxb5 Rxb5 16. b4 d5 17. a4 Rb8 18. f3 Bd7 19. Qb3 Qe8 20. b5 axb5 21. axb5 Bxb5
22. Nb4 dxe4 23. fxe4 Qd7 24. Rfc1 g5 25. Rc5 Rfc8 26. Rxc8+ Rxc8 27. Nc2 Ba4
28. Qb7 Qxb7 29. Rxb7 Rxc2 30. Bf3 Nc6 31. Rc7 Ne5 32. Rxc2 Nxf3+ 0-1

[Event "II Open A"]
[Site "Pedavena ITA"]
[Date "2006.08.02"]
[Round "2"]
[White "Foroni, Francesco"]
[Black "Verducci, Gianni"]
[Result "0-1"]
[WhiteElo "1836"]
[BlackElo "2065"]
[PlyCount "84"]
[EventDate "2006.08.01"]

1. Nf3 d5 2. e3 Nf6 3. d4 Nc6 4. c4 Bg4 5. Nc3 e6 6. cxd5 exd5 7. Be2 Bd6 8.
Nb5 O-O 9. Nxd6 Qxd6 10. a3 Ne4 11. Nd2 Bf5 12. Nxe4 Bxe4 13. Bf3 f5 14. Bd2
Rae8 15. Bxe4 Rxe4 16. O-O f4 17. exf4 Rxd4 18. Qc2 Rc4 19. Qd3 Rd4 20. Qc2 Ne7
21. Bb4 Qd7 22. Rfe1 Rf7 23. Bxe7 Rxe7 24. Qc5 Rde4 25. Rxe4 Rxe4 26. Qxa7 b6
27. g3 Qc6 28. Qa6 h5 29. Qc8+ Re8 30. Qf5 h4 31. Rd1 d4 32. gxh4 Qf3 33. Rf1
d3 34. Qd7 Rf8 35. h3 Rxf4 36. Kh2 Qe2 37. Qd5+ Kh7 38. Qg2 d2 39. Qg3 Rf3 40.
Qg2 d1=Q 41. Rxd1 Qxd1 42. h5 Qe2 0-1

[Event "II Open A"]
[Site "Pedavena ITA"]
[Date "2006.08.02"]
[Round "2"]
[White "Gaido, Paolo"]
[Black "Marson, Antonio"]
[Result "1/2-1/2"]
[WhiteElo "2121"]
[BlackElo "1837"]
[PlyCount "28"]
[EventDate "2006.08.01"]

1. Nf3 d5 2. d4 c6 3. e3 Nf6 4. c4 e6 5. Nc3 a6 6. Bd3 dxc4 7. Bxc4 b5 8. Bd3
Bb7 9. O-O c5 10. dxc5 Bxc5 11. b3 O-O 12. Bb2 Nbd7 13. Qe2 Bxf3 14. gxf3 Ne5
1/2-1/2

[Event "II Open A"]
[Site "Pedavena ITA"]
[Date "2006.08.02"]
[Round "2"]
[White "Guastadini, Paolo"]
[Black "Roversi, Stefano"]
[Result "1/2-1/2"]
[WhiteElo "2051"]
[BlackElo "1857"]
[PlyCount "138"]
[EventDate "2006.08.01"]

1. d4 Nf6 2. Nf3 g6 3. c4 Bg7 4. Nc3 O-O 5. e4 d6 6. Be2 e5 7. d5 Na6 8. Be3
Ne8 9. Nd2 f5 10. f3 f4 11. Bf2 Nf6 12. a3 c5 13. Rb1 Nh5 14. b4 Bf6 15. O-O
Bh4 16. Qe1 Bxf2+ 17. Qxf2 Kh8 18. bxc5 Nxc5 19. Nb3 b6 20. Nxc5 bxc5 21. Rb3
Rg8 22. Rfb1 g5 23. Kf1 g4 24. fxg4 Bxg4 25. Bf3 Bxf3 26. gxf3 Qg5 27. Nb5 Rg6
28. Ke2 Qg2 29. Rf1 Rb8 30. Qxg2 Rxg2+ 31. Rf2 Rg1 32. Kd3 a6 33. Nd4 Rxb3+ 34.
Nxb3 Rd1+ 35. Kc2 Rd3 36. Kb2 Nf6 37. Nd2 Nd7 38. h4 Nb6 39. h5 Na4+ 40. Kc2
Rc3+ 41. Kb1 Rxa3 42. h6 Re3 43. Rg2 Re1+ 44. Kc2 Rh1 45. Rg7 Rxh6 46. Ra7 Rh2
47. Rxa6 Nb2 48. Kxb2 Rxd2+ 49. Kc1 Rd3 50. Rxd6 Rxf3 51. Re6 Rc3+ 52. Kd2 Rxc4
53. Rxe5 Rd4+ 54. Ke2 c4 55. Kf3 c3 56. Re8+ Kg7 57. Rc8 Kf6 58. Rc6+ Kg5 59.
Rxc3 Rd1 60. Rc8 Rd3+ 61. Kf2 Kf6 62. Rc6+ Ke7 63. Rh6 Re3 64. Rxh7+ Kd6 65.
Rh6+ Ke7 66. Re6+ Kd7 67. e5 Rd3 68. Rd6+ Ke7 69. Re6+ Kd7 1/2-1/2

[Event "II Open A"]
[Site "Pedavena ITA"]
[Date "2006.08.02"]
[Round "2"]
[White "Jurkovic, Ante"]
[Black "De Nardi, Riccardo"]
[Result "1-0"]
[WhiteElo "2350"]
[BlackElo "1973"]
[PlyCount "67"]
[EventDate "2006.08.01"]

1. e4 c5 2. Nf3 d6 3. d4 cxd4 4. Nxd4 Nf6 5. Nc3 g6 6. Be3 Bg7 7. f3 O-O 8. Qd2
Nc6 9. Bc4 Bd7 10. Bb3 Qa5 11. O-O-O Rfc8 12. Kb1 Ne5 13. Bg5 Nc4 14. Bxc4 Rxc4
15. Nb3 Qa6 16. Bxf6 Bxf6 17. Nd5 Kg7 18. Nxf6 Kxf6 19. h4 Qb5 20. Qh6 Qh5 21.
Qe3 Be6 22. g4 Qb5 23. Nd4 Qc5 24. g5+ Kg7 25. h5 Rc8 26. Rd2 Rh8 27. c3 b5 28.
Qf4 Qc8 29. hxg6 fxg6 30. Nxb5 Qa6 31. Nxd6 Rc5 32. b3 Rf8 33. Rxh7+ Kxh7 34.
Qxf8 {...} 1-0

[Event "II Open A"]
[Site "Pedavena ITA"]
[Date "2006.08.02"]
[Round "2"]
[White "Kasparov, Sergey"]
[Black "Solinas, Carlo"]
[Result "1-0"]
[WhiteElo "2491"]
[BlackElo "2060"]
[PlyCount "71"]
[EventDate "2006.08.01"]

1. e4 e5 2. Nf3 Nc6 3. Bb5 f5 4. d3 fxe4 5. dxe4 Nf6 6. O-O d6 7. Nc3 Be7 8.
Qd3 Bg4 9. h3 Bxf3 10. Qxf3 O-O 11. Qd3 Kh8 12. Bxc6 bxc6 13. f4 Nd7 14. Qc4 c5
15. Nd5 Nb6 16. Nxb6 axb6 17. fxe5 Rxf1+ 18. Kxf1 dxe5 19. Be3 Qd6 20. Kg1 Rf8
21. a4 h6 22. Rf1 Rxf1+ 23. Qxf1 Bh4 24. b3 Bg3 25. Qd3 Qg6 26. Bd2 Kh7 27. Qf3
Kg8 28. Kf1 Qd6 29. Ke2 Bf4 30. Bc3 c4 31. g3 Bc1 32. Qf5 cxb3 33. cxb3 Qc5 34.
Qxe5 Qxe5 35. Bxe5 c6 36. Bc7 1-0

[Event "II Open A"]
[Site "Pedavena ITA"]
[Date "2006.08.02"]
[Round "2"]
[White "Militello, Michele"]
[Black "Ottolini, Graziano"]
[Result "1-0"]
[WhiteElo "1847"]
[BlackElo "2084"]
[PlyCount "57"]
[EventDate "2006.08.01"]

1. d4 Nf6 2. Nf3 g6 3. Nbd2 d5 4. e3 Bg7 5. c3 O-O 6. Bd3 Re8 7. h3 Nbd7 8. O-O
e5 9. dxe5 Nxe5 10. Nxe5 Rxe5 11. Re1 c5 12. a4 Bd7 13. e4 Qc8 14. Nf3 Rh5 15.
Bf4 Bxh3 16. gxh3 Qxh3 17. Nh2 dxe4 18. Bxe4 Nxe4 19. Rxe4 Qf5 20. Qe2 h6 21.
Re1 Kh7 22. Bg3 a6 23. Re7 b6 24. Qf3 Rf8 25. Qxf5 Rxf5 26. Rb7 Rf6 27. Ree7
Kg8 28. Ng4 Rc6 29. Be5 1-0

[Event "II Open A"]
[Site "Pedavena ITA"]
[Date "2006.08.02"]
[Round "2"]
[White "Navarro, Stefano"]
[Black "Maietti, Luca"]
[Result "1-0"]
[WhiteElo "2224"]
[BlackElo "1811"]
[PlyCount "75"]
[EventDate "2006.08.01"]

1. e4 e6 2. d3 d5 3. Nd2 c5 4. Ngf3 Nc6 5. g3 Bd6 6. Bg2 Qc7 7. O-O Nge7 8. Re1
f6 9. Nf1 Bd7 10. c3 O-O 11. Nh4 b5 12. exd5 exd5 13. Ne3 Be6 14. d4 cxd4 15.
cxd4 Qd7 16. Bd2 Rac8 17. a3 a6 18. Bc3 Bb8 19. Qd3 Ba7 20. Rad1 Bb6 21. b4 Nd8
22. Bb2 Nf7 23. Qb3 Rc7 24. f4 Nh6 25. f5 Nhxf5 26. Nexf5 Nxf5 27. Rxe6 Nxh4
28. gxh4 Ba7 29. Qxd5 Qxd5 30. Bxd5 Kh8 31. Bb3 Rd8 32. Kg2 Rdc8 33. Rxa6 Bb8
34. d5 Re7 35. Kf3 Be5 36. d6 Bxb2 37. dxe7 Rc3+ 38. Ke2 1-0

[Event "II Open A"]
[Site "Pedavena ITA"]
[Date "2006.08.02"]
[Round "2"]
[White "Occari, Maurizio"]
[Black "Tamassia, Gabriele"]
[Result "1/2-1/2"]
[WhiteElo "2082"]
[BlackElo "1655"]
[PlyCount "40"]
[EventDate "2006.08.01"]

1. e4 e6 2. d4 d5 3. exd5 exd5 4. c4 Nf6 5. Bg5 c6 6. Nc3 Bb4 7. Bd3 O-O 8.
Nge2 Bg4 9. f3 Bh5 10. O-O dxc4 11. Bxc4 Bg6 12. Qb3 Bxc3 13. bxc3 b5 14. Bxb5
cxb5 15. Qxb5 Nbd7 16. Nf4 Rb8 17. Qa4 Qc7 18. Rac1 Nb6 19. Qa5 Qd7 20. Rfe1
Nfd5 1/2-1/2

[Event "II Open A"]
[Site "Pedavena ITA"]
[Date "2006.08.02"]
[Round "2"]
[White "Paltrinieri, Nicholas"]
[Black "Pasquotto, Mirko"]
[Result "1-0"]
[WhiteElo "1817"]
[BlackElo "1939"]
[PlyCount "83"]
[EventDate "2006.08.01"]

1. f4 d5 2. e3 Nf6 3. Nf3 c5 4. b3 Nc6 5. Bb5 a6 6. Bxc6+ bxc6 7. Bb2 e6 8. O-O
Be7 9. Qe2 O-O 10. d3 a5 11. Nbd2 Nd7 12. Ne5 Qc7 13. Qg4 f5 14. Qg3 Bf6 15.
Ndf3 a4 16. Qh3 Nxe5 17. Nxe5 a3 18. Bc3 Qd6 19. Rae1 d4 20. Nc4 Qc7 21. Bd2
Re8 22. e4 fxe4 23. Rxe4 e5 24. f5 Re7 25. g4 h6 26. Qg3 Ba6 27. h4 Bxc4 28.
dxc4 Rd7 29. g5 hxg5 30. hxg5 Bd8 31. Rxe5 Be7 32. Qe1 Bd6 33. Re8+ Rxe8 34.
Qxe8+ Bf8 35. Qe6+ Rf7 36. Rf3 Qd7 37. Qg6 Qd6 38. Qh5 g6 39. fxg6 Rg7 40. Rh3
Qxg6 41. Qh8+ Kf7 42. Rf3+ 1-0

[Event "II Open A"]
[Site "Pedavena ITA"]
[Date "2006.08.02"]
[Round "2"]
[White "Pasquali, Andrea"]
[Black "Barro, Francesco"]
[Result "1-0"]
[WhiteElo "1642"]
[BlackElo "2022"]
[PlyCount "57"]
[EventDate "2006.08.01"]

1. b4 d5 2. Bb2 Nf6 3. e3 e6 4. a3 Nbd7 5. Nf3 a5 6. b5 Bd6 7. Be2 Qe7 8. d3
O-O 9. Nbd2 e5 10. c4 e4 11. Nd4 Ne5 12. Qc2 Bg4 13. dxe4 Bxe2 14. Nxe2 dxe4
15. Nxe4 Nd3+ 16. Qxd3 Nxe4 17. Nd4 f5 18. O-O Rad8 19. Qe2 Rf6 20. Nf3 Rh6 21.
Rfd1 Bxh2+ 22. Nxh2 Qh4 23. Rxd8+ Kf7 24. Rd7+ Ke6 25. Re7+ Kxe7 26. Be5 g5 27.
Qf3 Nd2 28. Qxb7 Qxc4 29. Qxc7+ 1-0

[Event "II Open A"]
[Site "Pedavena ITA"]
[Date "2006.08.02"]
[Round "2"]
[White "Pojer, Romeo"]
[Black "Cipolotti, Piersilvio"]
[Result "0-1"]
[WhiteElo "2159"]
[BlackElo "1787"]
[PlyCount "96"]
[EventDate "2006.08.01"]

1. d4 Nc6 2. e4 e5 3. dxe5 Nxe5 4. Nc3 Bb4 5. Qd4 Bxc3+ 6. Qxc3 f6 7. Bf4 d6 8.
O-O-O Be6 9. Bg3 Ne7 10. f4 Nd7 11. Nf3 O-O 12. Nd4 Bf7 13. Bc4 d5 14. exd5
Nxd5 15. Qf3 N7b6 16. Bb3 c5 17. Bxd5 Bxd5 18. Ne6 Bxf3 19. Rxd8 Rfxd8 20. Nxd8
Bxg2 21. Rd1 Bd5 22. c4 Rxd8 23. cxd5 Rxd5 24. Re1 Kf7 25. Kc2 Nc8 26. Kc3 Nd6
27. Re2 b6 28. Bf2 f5 29. Bh4 Ne4+ 30. Kc4 Rd4+ 31. Kb5 Rb4+ 32. Kc6 h6 33. Bd8
g5 34. fxg5 hxg5 35. Bc7 c4 36. Be5 Kg6 37. Bd4 c3 38. bxc3 Nxc3 39. Re6+ Kh5
40. Bxc3 Rc4+ 41. Kb7 Rxc3 42. Kxa7 Ra3+ 43. Kxb6 Rxa2 44. Re8 Rc2 45. Kb5 Kg4
46. Rh8 f4 47. Kb4 f3 48. Kb3 Rc5 0-1

[Event "II Open A"]
[Site "Pedavena ITA"]
[Date "2006.08.02"]
[Round "2"]
[White "Pomaro, Alberto"]
[Black "Okhotnik, Vladimir"]
[Result "1/2-1/2"]
[WhiteElo "2046"]
[BlackElo "2485"]
[PlyCount "145"]
[EventDate "2006.08.01"]

1. d4 c5 2. d5 f5 3. g3 e5 4. dxe6 d5 5. Bg2 Nf6 6. Nh3 Bxe6 7. Nf4 Bf7 8. c4
d4 9. Bxb7 Nbd7 10. Bxa8 Qxa8 11. O-O g5 12. Nd3 h6 13. b4 Bg7 14. Nd2 O-O 15.
Nb3 Bxc4 16. Nbxc5 Nxc5 17. bxc5 Ne4 18. Qa4 Qd5 19. Bb2 Bxd3 20. exd3 Nd2 21.
f3 Rb8 22. Qc2 Nxf1 23. Rxf1 Qxa2 24. Rf2 Rc8 25. Bc1 Qd5 26. Ba3 Rc6 27. Qa4
a6 28. Bb4 Kf7 29. Qa2 Qxa2 30. Rxa2 Bf8 31. Re2 Kf6 32. Kf2 Be7 33. Kf1 h5 34.
f4 gxf4 35. gxf4 Bd8 36. Re5 Bc7 37. Rd5 Bxf4 38. Rxd4 Be3 39. Rc4 Ke5 40. Ke2
Bd4 41. Kf3 Kd5 42. Kf4 Bxc5 43. Kxf5 Bxb4 44. Rxb4 a5 45. Ra4 Rc5 46. Kf4 Rb5
47. d4 Kc6 48. Ke4 Rg5 49. Ra2 h4 50. Kf4 Rb5 51. Ke4 h3 52. Ra3 Rh5 53. d5+
Rxd5 54. Rxh3 Rd2 55. Rh5 Kb6 56. Ke3 Rd8 57. h4 a4 58. Rf5 a3 59. Rf2 Kc5 60.
Ra2 Kb4 61. Kf4 Kb3 62. Ra1 Kb2 63. Rxa3 Kxa3 64. Kg5 Kb4 65. h5 Kc5 66. h6 Kd6
67. Kf6 Rd7 68. Kg6 Ke6 69. h7 Rd1 70. h8=Q Rg1+ 71. Kh6 Rh1+ 72. Kg7 Rxh8 73.
Kxh8 1/2-1/2